| 000 | 00581nam a2200181Ia 4500 | ||
|---|---|---|---|
| 008 | 090630s9999 xx 000 0 und d | ||
| 082 | _b20953 | ||
| 100 | _aकिणीकर अनिल. | ||
| 245 |
_aमनोरंजक कथा. _cकिणीकर अनिल. |
||
| 260 |
_bमेहता. _c1999 |
||
| 300 | _a32 | ||
| 600 | _aकिणीकर अनिल. | ||
| 630 | _aमनोरंजक कथा. | ||
| 655 | _aबालवाङमय. | ||
| 700 | _aकिणीकर अनिल. | ||
| 730 | _aमनोरंजक कथा. | ||
| 942 | _cBOOK | ||
| 999 |
_c272809 _d272809 |
||